000 00565cam a2200181 4500500
005 20260405001237.0
041 _afre
042 _adc
245 0 0 _aCitoyen sujet et autres essais d’anthropologie philosophique
260 _c2011.
500 _a13
690 _aCitoyen
690 _aCitoyenneté
690 _aDémocratie
690 _aEtienne Balibar
786 0 _nPhilosophie magazine | 55 | 12 | 2011-12-01 | p. 58-58 | 1951-1787
856 4 1 _uhttps://shs.cairn.info/magazine-philosophie-magazine-2011-12-page-58?lang=fr&redirect-ssocas=7080
999 _c2045511
_d2045511